Ősz a tengerparton [vers] /
Elmentve itt :
| Szerző: | |
|---|---|
| Dokumentumtípus: | Cikk |
| Megjelent: |
1912
|
| Sorozat: | Kultura [!Kultúra] : irodalmi, művészeti, kritikai képes havi folyóirat
3 No. 1 |
| Kulcsszavak: | Szépirodalom |
| Online Access: | http://misc.bibl.u-szeged.hu/1336 |
| LEADER | 00587nab a2200169 i 4500 | ||
|---|---|---|---|
| 001 | misc1336 | ||
| 005 | 20191106143651.0 | ||
| 008 | 170607s1912 hu o 0|| hun d | ||
| 040 | |a SZTE Miscellanea Repozitórium |b hun | ||
| 041 | |a hun | ||
| 100 | 1 | |a Sas Ede | |
| 245 | 1 | 0 | |a Ősz a tengerparton |h [elektronikus dokumentum] : |b [vers] / |c Sas Ede |
| 260 | |c 1912 | ||
| 300 | |a 9-11 | ||
| 490 | 0 | |a Kultura [!Kultúra] : irodalmi, művészeti, kritikai képes havi folyóirat |v 3 No. 1 | |
| 695 | |a Szépirodalom | ||
| 856 | 4 | 0 | |u http://misc.bibl.u-szeged.hu/1336/1/kultura_003_001_009-011.pdf |z Dokumentum-elérés |